000
00319nam a22001457a 4500
008
210322b ||||| |||| 00| 0 eng d
020
_a
x0014d50pn
041
_a
eng
080
_2
4th
_a
616.8
082
_a
616.8
100
_a
7
101
_a
NEU
245
_a
Blueprints Neurology
_c
Drislane, F. W
942
_2
udc
_c
BK
999
_c
56657
_d
56657